LEADER 00842nam a2200241 i 4500 001 991004165899707536 005 20020509155222.0 008 000220s1959 it ||| | ita 035 $ab11278298-39ule_inst 035 $aPARLA197061$9ExL 040 $aDip.to Filosofia$bita 082 0 $a301 100 1 $aAbbagnano, Nicola$024661 245 10$aProblemi di sociologia /$cNicola Abbagnano 260 $aTorino :$bTaylor,$c1959 300 $a210 p. ;$c24 cm 490 0 $aDocumenti e ricerche. Biblioteca di cultura contemporanea 907 $a.b11278298$b23-02-17$c01-07-02 912 $a991004165899707536 945 $aLE005IF IX B 11$g1$iLE005IFA-846$lle005$o-$pE0.00$q-$rl$s- $t0$u0$v0$w0$x0$y.i11442694$z01-07-02 996 $aProblemi di sociologia$9237153 997 $aUNISALENTO 998 $ale005$b01-01-00$cm$da $e-$fita$git $h0$i1